00543cam a2200181 a 4500008004100000020002500041100002700066245008700093250001200180260003200192300003300224504004100257500002000298650001600318003000100334005001700335040000900352  a9781847873392 (pbk.)1 aNelson-Jones, Richard.10aIntroduction to counselling skills :btext and activities /cRichard Nelson-Jones. a3rd ed. aLos Angeles :bSAGE,c2009. axi, 302 p. :bill. ;c25 cm. aIncludes bibliographical references. aIncludes index. 0aCounseling.20230123125054.0 cNUST